Bevezetés a gyermekkor történetébe
Elmentve itt :
| Szerző: | |
|---|---|
| Dokumentumtípus: | Könyv |
| Kulcsszavak: | gyermeknevelés |
| Tárgyszavak: | |
| Online Access: | http://eta.bibl.u-szeged.hu/1887 |
| LEADER | 00551nnm a2200157 i 4500 | ||
|---|---|---|---|
| 001 | eta1887 | ||
| 005 | 20190131140421.0 | ||
| 008 | 190131suuuu hu o 0|| hun d | ||
| 040 | |a SZTE Elektronikus Tananyag Archívum |b hun | ||
| 041 | |a hun | ||
| 100 | 1 | |a Pukánszky Béla | |
| 245 | 1 | 0 | |a Bevezetés a gyermekkor történetébe |h [elektronikus dokumentum] / |c Pukánszky Béla |
| 516 | |a Book | ||
| 650 | 4 | |a Társadalomtudományok | |
| 695 | |a gyermeknevelés | ||
| 856 | 4 | 0 | |u https://eta.bibl.u-szeged.hu/1887/2/bevezets_a_gyermekkor_trtnetbe_/index.html |z Dokumentum-elérés |